000 01070nam a22003257a 4500
003 CHAP
005 20220329140343.0
008 971013s1981 r 00010 d
010 _a50850
011 _a51822
035 _a55972
040 _cCHAP
082 _a635
_bP58
100 0 0 _aPlucknett, Donald L.
_989309
245 _aVegetable farming systems in China
260 _aBoulder, Colo. :
_bWestview,
_c1981
300 _a386 p.
_b: ilus.
490 _aWestview special studies in agricultural science and policy
590 _aBATCH-UPD
_b10
_c20130109
_lUCH01
_h2347
590 _aBATCH-UPD
_b10
_c20130110
_lUCH01
_h0650
590 _aBATCH-UPD
_b10
_c20130110
_lUCH01
_h2321
590 _aCONVERSION
_b10
_c20130109
_lUCH01
_h1328
650 1 4 _aHorticultura
_xChina.
_956315
650 1 4 _aSistemas de cultivo.
_9106746
700 0 _aBeemer, Halsey L.
_911256
830 0 _aWestview special studies in agricultural science and policy
_9121584
901 _aBK
942 _cLIBRO
949 _a635 P58
_bBC
_cLIBRO
_d33724000220745
_eLIBRO
_h56016
_i55972
_si
_t747.00
999 _c50850
_d50850